Drop The Game - Flume & Chet Faker - All Lyrics - Statistics

General Stats
  • This quiz has been taken 3 times
  • The average score is 169 of 224
Answer Stats
Answer % Correct
done
100%
done)
100%
Drop
100%
game,
100%
Give
100%
I
100%
me
100%
Not
100%
not
100%
Tell
100%
the
100%
this
100%
to
100%
us
100%
you
100%
you've
100%
all,
67%
are
67%
been
67%
cold
67%
enough
67%
feeling
67%
gonna
67%
heat
67%
Hush,
67%
it's
67%
I've
67%
I’ve
67%
know
67%
leave
67%
Listen,
67%
my
67%
old,
67%
place
67%
rush
67%
seeing
67%
soul
67%
sun
67%
that
67%
things
67%
(Things
67%
wanted
67%
with
67%
your
67%
You’re
67%
life
33%
more
33%
said
33%
than
33%
there's
33%
No matching quizzes found
Score Distribution
Percent of People with Each Score
Percentile by Number Answered
Your Score History
You have not taken this quiz